Solidarność w "Polarze"

Titel: Solidarność w "Polarze" : NSZZ "Solidarność" w Zakładach Zmechanizowanego Sprzętu Domowego "Predom Polar"/"Polar" we Wrocławiu w latach 1980-1989 / Łukasz Sołtysik
Verfasser:
Veröffentlicht: Wrocław : Instytut Pamięci Narodowej - Komisja Ścigania Zbrodni przeciwko Narodowi Polskiemu. Oddział, 2016
Umfang: 318 s., XVI s. tabl. ; 24 cm
Format: Buch
Sprache: Polnisch
Schriftenreihe/
mehrbändiges Werk:
Historia Dolnego Śląska
Schlagworte:
ISBN: 9788361631354 ; 8361631356
Buchumschlag
X
alg: 45468062
001A    $03025:25-10-19 
001B    $03025:25-10-19 $t13:54:26.000 
001D    $03025:25-10-19 
001U    $0utf8 
001X    $00 
002@    $0Aax 
002C    $aText $btxt $2rdacontent 
002D    $aohne Hilfsmittel zu benutzen $bn $2rdamedia 
002E    $aBand $bnc $2rdacarrier 
003@    $0454680627 
004A    $A978-83-61631-35-4 
004D    $08361631356 
007A    $0BV044450461 $aBVB 
010@    $apol 
010E    $erda 
011@    $a2016 $n2016 
021A    $aSolidarność w "Polarze" $dNSZZ "Solidarność" w Zakładach Zmechanizowanego Sprzętu Domowego "Predom Polar"/"Polar" we Wrocławiu w latach 1980-1989 $hŁukasz Sołtysik 
028A    $BVerfasser $4aut $71173178082 $8Sołtysik, Łukasz$Z20./21. Jh. [Tp3] $9439870089 
033A    $pWrocław $nInstytut Pamięci Narodowej - Komisja Ścigania Zbrodni przeciwko Narodowi Polskiemu. Oddział 
034D    $a318 s., XVI s. tabl. 
034I    $a24 cm 
036G    $aHistoria Dolnego Śląska 
044K    $RNiederschlesien $#Breslau $#Wrocław $#Wrotizla $#Breßlau $#Breßlaw $#Vroclav $#Vratislav $#Vratislavia $#Vratislauiae $#Bresslau $#Wratislavia $#Brassel $#Bresla $#Wratislava $#Smirna $#Breslavia $#Wroclaw $74008216-7 $8Breslau [Tg1] $9085014184 
044K    $#NSZZ "Solidarność" (Labor organization) $#Niezależny Samorządny Związek Zawodowy "Solidarność" $#"Solidarność" $#Solidarität Gewerkschaft $#Unabhängige Selbstverwaltete Gewerkschaft Solidarität $#USG Solidarität $71089046-4 $8NSZZ "Solidarność" [Tb1] $9042279771 
044K    $RInteressenverband $RArbeiterbewegung $RSyndikalismus $RArbeitnehmerverband $#Labor unions $#Syndicats $#Sindacati $#Funcionarios Sindicatos $#trade unions $#Gewerkschaft $#Gewerkschaft $#Gewerkschaften $74020872-2 $8Gewerkschaft [Ts1] $9085050695 
045R    $aGeschichte 1980-1989 
045T    $aOST $qDE-12 $2FID 
046M    $aBibliogr. s. 293-303. Indeks 

lok: 45468062 78

exp: 45468062 78 1 #EPN
201B/01 $025-10-19 $t13:52:09.000 
201C/01 $025-10-19 
201U/01 $0utf8 
203@/01 $01065805233 
208@/01 $a25-10-19 $be 
209A/01 $a/ $f000 $x00 
209A/01 $ab*p $x01 
220C/01 $apgar 
244Z/01 $#Generalgouvernement Polen $#Polska $#Rzeczpospolita Polska $#Polska Rzeczpospolita Ludowa $#Poland $#Pologne $#République Polonaise $#Generalne Gubernatorstwo w Polsce $#Polish People's Republic $#Polska Rzeczpospolita Polen $#PRL $#RP $#Polen Generalgouvernement $#Polska Generalgouvernement $#Besetzte Polnische Gebiete $#Besetztes Gebiet in Polen $#Okupowane Polskie Obszary $#Obszary Okupowane w Polsce $#Volksrepublik Polen $#Polska Rosyjska $#Republic Polen $#Respublika Pol'ša $#Pol'skaja Narodnaja Respublika $#République de Pologne $#Polen Links der Weichsel $#Polska po Lewej Stronie Wisły $#Lenkija $#Polija $#Gubernija Carstva Pol'skago $#Republik Polen $74046496-9 $8--Tg1--Polen $x01 $9085129801 
244Z/01 $#Schlesien $#Schlesien $#Herzogtum Schlesien $#Herzogtum Schlesien Schlesien $#Provinz Schlesien $#Śla̜sk $#Slezsko $#Silesia $74052678-1 $8--Tg1--Schlesien $x02 $9085146781 
247C/01 $82080>Marburg/Lahn, Herder-Institut, Forschungsbibliothek, Bibliographieportal $9336309341
LEADER 00000nam a22000002c 4500
001 454680627
003 DE-603
005 20191025135426.0
007 tu
008 191025s2016 xx |||| | u00||u|pol c
020 |a 9788361631354 
020 |z 8361631356 
035 |a (DE-599)BVBBV044450461 
040 |a DE-603  |b ger  |c DE-603  |d DE-603  |e rda 
041 |a pol 
084 |a OST  |q DE-12  |2 fid 
100 1 |a Sołtysik, Łukasz  |d 20./21. Jh.  |e Verfasser  |4 aut  |0 (DE-603)439870089  |0 (DE-588)1173178082  |2 gnd 
245 0 0 |a Solidarność w "Polarze"  |b NSZZ "Solidarność" w Zakładach Zmechanizowanego Sprzętu Domowego "Predom Polar"/"Polar" we Wrocławiu w latach 1980-1989  |c Łukasz Sołtysik 
264 1 |a Wrocław  |b Instytut Pamięci Narodowej - Komisja Ścigania Zbrodni przeciwko Narodowi Polskiemu. Oddział  |c 2016 
300 |a 318 s., XVI s. tabl.  |c 24 cm 
336 |a Text  |b txt  |2 rdacontent 
337 |a ohne Hilfsmittel zu benutzen  |b n  |2 rdamedia 
338 |a Band  |b nc  |2 rdacarrier 
490 0 |a Historia Dolnego Śląska 
500 |a Bibliogr. s. 293-303. Indeks 
610 1 7 |a NSZZ "Solidarność"  |2 gnd  |0 (DE-588)1089046-4  |0 (DE-603)042279771 
648 7 |a Geschichte 1980-1989  |2 gnd 
650 7 |a Gewerkschaft  |0 (DE-588)4020872-2  |0 (DE-603)085050695  |2 gnd 
651 7 |a Breslau  |0 (DE-588)4008216-7  |0 (DE-603)085014184  |2 gnd 
924 0 |9 2080  |a (DE-603)1065805233  |b DE-2080  |c HES  |d d  |g /